[Event "Magistral Internacional Marcel Duchamp "]
[Site "Buenos Aires ARG"]
[Date "2009.10.08"]
[Round "5.2"]
[White "Cori Tello, Jorge"]
[Black "Perez Ponsa, Federico"]
[Result "1/2-1/2"]
[WhiteElo "2445"]
[BlackElo "2422"]
[PlyCount "78"]
[EventDate "2009.10.04"]
[EventType "tourn"]
[EventRounds "9"]
[EventCountry "ARG"]
[EventCategory "9"]
[Source "lmi"]
[SourceDate "2009.10.04"]

1. e4 c5 2. Nf3 d6 3. d4 cxd4 4. Nxd4 Nf6 5. Nc3 a6 6. Be2 e5 7. Nb3 Be7 8. O-O
O-O 9. Be3 Be6 10. Qd2 Nbd7 11. a4 Rc8 12. a5 Qc7 13. Rfd1 Rfd8 14. f3 d5 15.
exd5 Nxd5 16. Nxd5 Bxd5 17. Qxd5 Nf6 18. Qc4 Rxd1+ 19. Rxd1 Qxc4 20. Bxc4 Rxc4
21. c3 Kf8 22. Kf2 Ke8 23. Ke2 Nd7 24. g4 Rc6 25. h3 Nf8 26. Rd5 f6 27. Nd2 Ne6
28. Ne4 Nc7 29. Rd1 Kf7 30. b4 Ke8 31. Kd3 Ne6 32. Rb1 g6 33. b5 axb5 34. Rxb5
Rc7 35. c4 Rd7+ 36. Ke2 Rc7 37. Kd3 Rd7+ 38. Kc2 Rc7 39. Kd3 Rd7+ 1/2-1/2

[Event "Magistral Internacional Marcel Duchamp "]
[Site "Buenos Aires ARG"]
[Date "2009.10.08"]
[Round "5.3"]
[White "Cori Tello, Deysi"]
[Black "Goldwaser, Christian"]
[Result "1-0"]
[WhiteElo "2361"]
[BlackElo "2441"]
[PlyCount "125"]
[EventDate "2009.10.04"]
[EventType "tourn"]
[EventRounds "9"]
[EventCountry "ARG"]
[EventCategory "9"]
[Source "lmi"]
[SourceDate "2009.10.04"]

1. d4 d5 2. Nf3 Nf6 3. c4 dxc4 4. Nc3 a6 5. a4 Bg4 6. Ne5 Bh5 7. h3 Nc6 8. g4
Bg6 9. Nxc6 bxc6 10. Bg2 Nd5 11. a5 e6 12. Qa4 Qd7 13. Qxc4 Be7 14. e4 Nb4 15.
O-O h5 16. g5 O-O 17. Ne2 Rab8 18. Be3 Rfd8 19. Rad1 Rb5 20. h4 Bd6 21. Nf4
Bxf4 22. Bxf4 c5 23. Be3 Nc6 24. d5 Nxa5 25. Qc3 e5 26. Bxc5 Qg4 27. b4 Nb7 28.
Qxe5 Nxc5 29. bxc5 Rxc5 30. Qe7 Rd6 31. Rb1 Kh7 32. Rb8 Rc4 33. f3 Qxh4 34. Qe8
Bxe4 35. Qg8+ Kg6 36. fxe4 Qxg5 37. Qxf7+ Kh7 38. Qg8+ Kg6 39. Qe8+ Kh7 40.
Qg8+ Kg6 41. Qf7+ Kh7 42. Re8 Rc2 43. Qg8+ Kh6 44. Re6+ Rxe6 45. Qxe6+ g6 46.
Qh3 a5 47. Qf3 Qe5 48. Qe3+ Kg7 49. Qa3 Kh6 50. Qe3+ Kg7 51. Qb3 Rb2 52. Qf3
Kh6 53. Qf6 Qxf6 54. Rxf6 Kg5 55. Ra6 h4 56. e5 Ra2 57. Rc6 a4 58. Rxc7 a3 59.
Ra7 Kf4 60. e6 Kg3 61. Bf1 Ra1 62. e7 h3 63. Rxa3+ 1-0

[Event "Magistral Internacional Marcel Duchamp "]
[Site "Buenos Aires ARG"]
[Date "2009.10.08"]
[Round "5.4"]
[White "Liascovich, Lucas"]
[Black "Slipak, Sergio"]
[Result "0-1"]
[WhiteElo "2454"]
[BlackElo "2468"]
[PlyCount "44"]
[EventDate "2009.10.04"]
[EventType "tourn"]
[EventRounds "9"]
[EventCountry "ARG"]
[EventCategory "9"]
[Source "lmi"]
[SourceDate "2009.10.04"]

1. c4 e5 2. Nc3 Bb4 3. Nd5 Be7 4. d4 d6 5. e3 Nf6 6. Nxe7 Qxe7 7. Nf3 e4 8. Nd2
O-O 9. Be2 c5 10. d5 Bf5 11. g4 Bg6 12. h4 h6 13. b3 Nbd7 14. Bb2 Ne5 15. Rg1
Nfxg4 16. h5 Qh4 17. Rxg4 Nxg4 18. Bxg4 f5 19. Qc2 fxg4 20. Qc3 Qxf2+ 21. Kd1
Rf6 22. Kc2 g3 0-1

[Event "Magistral Internacional Marcel Duchamp "]
[Site "Buenos Aires ARG"]
[Date "2009.10.09"]
[Round "6.1"]
[White "Mareco, Sandro"]
[Black "Hernandez Guerrero, Gilberto"]
[Result "1/2-1/2"]
[WhiteElo "2525"]
[BlackElo "2540"]
[PlyCount "71"]
[EventDate "2009.10.04"]
[EventType "tourn"]
[EventRounds "9"]
[EventCountry "ARG"]
[EventCategory "9"]
[Source "lmi"]
[SourceDate "2009.10.04"]

1. d4 Nf6 2. c4 c5 3. d5 g6 4. Nc3 Bg7 5. Nf3 O-O 6. e4 d6 7. Bd3 e6 8. O-O Na6
9. h3 e5 10. Re1 h6 11. Nh2 Qe7 12. a3 Bd7 13. Rb1 Nh5 14. Bd2 Nf4 15. Bf1 Kh8
16. Qc1 g5 17. b4 Rg8 18. Rb3 Raf8 19. Ne2 h5 20. g3 Bh6 21. b5 Nc7 22. gxf4
gxf4+ 23. Kh1 Qh4 24. Rd1 f5 25. f3 Rg6 26. Be1 Qe7 27. Qc2 Ne8 28. Bf2 Bg5 29.
Bg2 Bh4 30. Bxh4 Qxh4 31. Rg1 Rfg8 32. Rbb1 Nf6 33. Nc3 Rg3 34. exf5 R8g5 35.
Rbf1 Bxf5 36. Ne4 1/2-1/2

[Event "Magistral Internacional Marcel Duchamp "]
[Site "Buenos Aires ARG"]
[Date "2009.10.09"]
[Round "6.2"]
[White "Slipak, Sergio"]
[Black "Obregon, Carlos"]
[Result "1-0"]
[WhiteElo "2468"]
[BlackElo "2439"]
[PlyCount "121"]
[EventDate "2009.10.04"]
[EventType "tourn"]
[EventRounds "9"]
[EventCountry "ARG"]
[EventCategory "9"]
[Source "lmi"]
[SourceDate "2009.10.04"]

1. e4 c5 2. Nc3 d6 3. f4 Nc6 4. Nf3 g6 5. Bb5 Bd7 6. O-O Bg7 7. d3 Nf6 8. Bxc6
Bxc6 9. Qe1 e6 10. f5 O-O 11. Qh4 Nd7 12. Qh3 exf5 13. exf5 Bf6 14. Bf4 d5 15.
Rae1 Re8 16. fxg6 hxg6 17. Rxe8+ Qxe8 18. Bg5 Bg7 19. Re1 Qc8 20. Be7 d4 21.
Ng5 Nf6 22. Nce4 Qxh3 23. gxh3 Nxe4 24. Nxe4 Re8 25. Nd6 Ra8 26. Ne4 Bxe4 27.
Rxe4 f5 28. Re2 Re8 29. Kf2 b6 30. Bd6 Rd8 31. Be7 Rd7 32. h4 Kf7 33. Bg5 Bf8
34. Kf3 b5 35. b3 b4 36. Bf4 Bg7 37. Re1 Rd5 38. a3 a5 39. Ra1 Be5 40. a4 Bf6
41. Bg3 Rd8 42. Re1 Rh8 43. Kg2 Rc8 44. Kf3 Rd8 45. Re2 Rd7 46. Re1 Bd8 47. Re5
Be7 48. h5 gxh5 49. Rxf5+ Kg6 50. Re5 Ra7 51. Ke4 Rd7 52. Bf4 h4 53. Re6+ Kf7
54. Ra6 Bd8 55. Rc6 Be7 56. Rc7 Rxc7 57. Bxc7 Ke6 58. h3 Kd7 59. Bxa5 Kc6 60.
Ke5 Bg5 61. Ke6 1-0

[Event "Magistral Internacional Marcel Duchamp "]
[Site "Buenos Aires ARG"]
[Date "2009.10.09"]
[Round "6.3"]
[White "Goldwaser, Christian"]
[Black "Liascovich, Lucas"]
[Result "1/2-1/2"]
[WhiteElo "2441"]
[BlackElo "2454"]
[PlyCount "42"]
[EventDate "2009.10.04"]
[EventType "tourn"]
[EventRounds "9"]
[EventCountry "ARG"]
[EventCategory "9"]
[Source "lmi"]
[SourceDate "2009.10.04"]

1. d4 Nf6 2. c4 g6 3. Nc3 d5 4. Qb3 dxc4 5. Qxc4 Bg7 6. Nf3 O-O 7. e4 a6 8. Bf4
Nc6 9. Be2 Bg4 10. O-O Bxf3 11. Bxf3 Qxd4 12. Qb3 e5 13. Qxb7 Qc4 14. Be3 Nd4
15. Nd5 Nxf3+ 16. gxf3 Nxd5 17. Qxd5 Qe2 18. Kg2 Rfd8 19. Qb3 Rdb8 20. Qd5 Rd8
21. Qb3 Rdb8 1/2-1/2

[Event "Magistral Internacional Marcel Duchamp "]
[Site "Buenos Aires ARG"]
[Date "2009.10.09"]
[Round "6.4"]
[White "Perez Ponsa, Federico"]
[Black "Cori Tello, Deysi"]
[Result "1-0"]
[WhiteElo "2422"]
[BlackElo "2361"]
[PlyCount "95"]
[EventDate "2009.10.04"]
[EventType "tourn"]
[EventRounds "9"]
[EventCountry "ARG"]
[EventCategory "9"]
[Source "lmi"]
[SourceDate "2009.10.04"]

1. e4 e6 2. d4 d5 3. Nc3 Bb4 4. e5 c5 5. a3 Bxc3+ 6. bxc3 Ne7 7. Qg4 Qc7 8.
Qxg7 Rg8 9. Qxh7 cxd4 10. Ne2 Nbc6 11. f4 dxc3 12. Qd3 Bd7 13. Rb1 a6 14. Be3
d4 15. Nxd4 Nd5 16. g3 O-O-O 17. Bf2 f6 18. Qxa6 fxe5 19. Qa8+ Qb8 20. Qxb8+
Kxb8 21. fxe5 Nxe5 22. Ba6 b6 23. Be2 Kc7 24. Nb5+ Bxb5 25. Rxb5 Ng4 26. O-O
Ra8 27. Rb3 Ra4 28. Bf3 Ngf6 29. Re1 Re8 30. Rd1 Ne4 31. Bd4 Nd2 32. Bxd5 exd5
33. Rxc3+ Nc4 34. Rf3 Re6 35. h4 Nxa3 36. c3 Nc2 37. Bf2 Kc6 38. Kg2 Rae4 39.
Kh3 Na3 40. g4 Nc4 41. Bd4 Nd6 42. h5 Re1 43. Rxe1 Rxe1 44. g5 Ne4 45. Kg4 Re2
46. Kf5 Rg2 47. Bf6 b5 48. h6 1-0

[Event "Magistral Internacional Marcel Duchamp "]
[Site "Buenos Aires ARG"]
[Date "2009.10.09"]
[Round "6.5"]
[White "Garcia Palermo, Carlos"]
[Black "Cori Tello, Jorge"]
[Result "0-1"]
[WhiteElo "2475"]
[BlackElo "2445"]
[PlyCount "88"]
[EventDate "2009.10.04"]
[EventType "tourn"]
[EventRounds "9"]
[EventCountry "ARG"]
[EventCategory "9"]
[Source "lmi"]
[SourceDate "2009.10.04"]

1. d4 Nf6 2. Nf3 d5 3. c4 c6 4. e3 e6 5. Bd3 Nbd7 6. O-O Bd6 7. Nbd2 O-O 8. e4
dxe4 9. Nxe4 Nxe4 10. Bxe4 Nf6 11. Bc2 h6 12. Be3 Re8 13. Qd2 b6 14. Rad1 Bb7
15. b4 a5 16. a3 axb4 17. axb4 Ra2 18. c5 Ba6 19. cxd6 Ne4 20. Qc1 Nc3 21. Bh7+
Kxh7 22. Qxc3 Bxf1 23. Rxf1 Qxd6 24. Ne5 f6 25. Qd3+ f5 26. Qc3 Qd5 27. Rc1 Rc8
28. h4 Rca8 29. h5 Rc8 30. Nc4 Qd8 31. Bf4 Qh4 32. Qf3 Rd8 33. g3 Qf6 34. Qxc6
Qxd4 35. Qxb6 Ra1 36. Rxa1 Qxa1+ 37. Kh2 Rd1 38. Qb7 Rf1 39. Be3 Qd1 40. Kg2
Rg1+ 41. Kh2 Re1 42. Qf7 Rh1+ 43. Kg2 Rxh5 44. Qxh5 Qxh5 0-1

[Event "Magistral Internacional Marcel Duchamp "]
[Site "Buenos Aires ARG"]
[Date "2009.10.11"]
[Round "7.1"]
[White "Cori Tello, Jorge"]
[Black "Mareco, Sandro"]
[Result "1/2-1/2"]
[WhiteElo "2445"]
[BlackElo "2525"]
[PlyCount "107"]
[EventDate "2009.10.04"]
[EventType "tourn"]
[EventRounds "9"]
[EventCountry "ARG"]
[EventCategory "9"]
[Source "lmi"]
[SourceDate "2009.10.04"]

1. e4 c5 2. Nf3 d6 3. d4 cxd4 4. Nxd4 Nf6 5. Nc3 a6 6. Be2 e6 7. O-O Be7 8. Be3
O-O 9. f4 Qc7 10. Kh1 b5 11. Bf3 Bb7 12. a3 Nbd7 13. Qe2 Nb6 14. Rad1 Nc4 15.
Bc1 Rac8 16. b3 Nb6 17. Bb2 Nfd7 18. g3 Rfe8 19. Bg2 Bf8 20. Qd2 Nf6 21. Rfe1
Nbd7 22. Bf3 Rcd8 23. Qg2 e5 24. Nf5 Nc5 25. Ne3 d5 26. Ncxd5 Nxd5 27. Nxd5
Bxd5 28. exd5 exf4 29. Rxe8 Rxe8 30. d6 Qxd6 31. Rxd6 Re1+ 32. Qg1 Rxg1+ 33.
Kxg1 Bxd6 34. gxf4 Bxf4 35. b4 Na4 36. Bd4 Bc1 37. Bb7 Bxa3 38. Bxa6 Bxb4 39.
Bxb5 Bc5 40. Bxa4 Bxd4+ 41. Kg2 f5 42. Bd7 g6 43. Kf3 Kg7 44. c4 Kf6 45. h3 Bc5
46. Bc6 Bb4 47. Bd7 Ke5 48. Bc6 Kf6 49. Bd7 Kg5 50. Be6 Kh4 51. Kg2 h5 52. Bf7
Kg5 53. Kf3 Kf6 54. Be8 1/2-1/2

[Event "Magistral Internacional Marcel Duchamp "]
[Site "Buenos Aires ARG"]
[Date "2009.10.11"]
[Round "7.2"]
[White "Cori Tello, Deysi"]
[Black "Garcia Palermo, Carlos"]
[Result "0-1"]
[WhiteElo "2361"]
[BlackElo "2475"]
[PlyCount "90"]
[EventDate "2009.10.04"]
[EventType "tourn"]
[EventRounds "9"]
[EventCountry "ARG"]
[EventCategory "9"]
[Source "lmi"]
[SourceDate "2009.10.04"]

1. d4 d5 2. c4 e6 3. Nf3 Nf6 4. g3 Bb4+ 5. Bd2 Be7 6. Bg2 O-O 7. O-O Nbd7 8.
Qc2 c6 9. Nc3 dxc4 10. a4 Nd5 11. Rfd1 Nb4 12. Qb1 b6 13. Bf4 Bb7 14. Nd2 Nd5
15. Nxc4 Nxf4 16. gxf4 Qc7 17. f5 b5 18. Ne3 b4 19. Ne4 exf5 20. Nxf5 Rfe8 21.
Qd3 Bf8 22. Qh3 g6 23. Nh6+ Bxh6 24. Qxd7 Qxd7 25. Nf6+ Kg7 26. Nxd7 Rxe2 27.
Nc5 Rb8 28. Re1 Rxb2 29. Re7 Ba8 30. Bf1 Rc2 31. Rxa7 b3 32. Rb1 b2 33. Bd3 Rc3
34. Nd7 Rc1+ 35. Kg2 c5+ 36. f3 c4 37. Nxb8 cxd3 38. Rxb2 Rc2+ 39. Rxc2 dxc2
40. Rc7 c1=Q 41. Rxc1 Bxc1 42. Nd7 Bc6 43. Nb6 Be3 44. d5 Bxb6 45. dxc6 Kf6 0-1

[Event "Magistral Internacional Marcel Duchamp "]
[Site "Buenos Aires ARG"]
[Date "2009.10.11"]
[Round "7.3"]
[White "Liascovich, Lucas"]
[Black "Perez Ponsa, Federico"]
[Result "1/2-1/2"]
[WhiteElo "2422"]
[BlackElo "2454"]
[PlyCount "131"]
[EventDate "2009.10.04"]
[EventType "tourn"]
[EventRounds "9"]
[EventCountry "ARG"]
[EventCategory "9"]
[Source "lmi"]
[SourceDate "2009.10.04"]

1. d4 Nf6 2. Nf3 g6 3. g3 Bg7 4. Bg2 O-O 5. O-O d5 6. Nbd2 c6 7. b3 a5 8. c4 a4
9. Bb2 Bf5 10. Nh4 Be6 11. Qc2 Qd7 12. Rfd1 Bh3 13. Bh1 axb3 14. Qxb3 Be6 15.
Qc2 Qd8 16. c5 Qc7 17. a4 Bc8 18. Bc3 Nbd7 19. Nhf3 Ng4 20. Nb3 Ndf6 21. Nh4 e5
22. dxe5 Nxe5 23. Bd4 Re8 24. Qc3 Bg4 25. Nf3 Ne4 26. Qc1 Bh3 27. Nxe5 Bxe5 28.
Bxe4 Bxd4 29. Rxd4 dxe4 30. Qc3 e3 31. f3 Qe5 32. Qb4 Be6 33. Rad1 Bd5 34. Nc1
Qe7 35. Nd3 g5 36. Rb1 Qf6 37. h4 h6 38. hxg5 hxg5 39. Qb2 Rad8 40. Rg4 Qh6 41.
Kg2 Bxf3+ 42. Kxf3 f5 43. Rxg5+ Qxg5 44. Rh1 Qg4+ 45. Kg2 Qd4 46. Qxb7 Qd5+ 47.
Kg1 Rd7 48. Qb4 Qe4 49. Qb3+ Qe6 50. Qxe6+ Rxe6 51. Kg2 Rd4 52. Ra1 Ree4 53. a5
Ra4 54. Rf1 Rxa5 55. Rxf5 Re6 56. Nf4 Re7 57. Kf3 Ra8 58. Rf6 Rc8 59. g4 Re5
60. Nd3 Re7 61. Nf4 Re5 62. Nd3 Re7 63. Kg3 Rd8 64. Nf4 Rc8 65. Kh4 Rf7 66. Kg5
1/2-1/2

[Event "Magistral Internacional Marcel Duchamp "]
[Site "Buenos Aires ARG"]
[Date "2009.10.11"]
[Round "7.4"]
[White "Obregon, Carlos"]
[Black "Goldwaser, Christian"]
[Result "1-0"]
[WhiteElo "2439"]
[BlackElo "2441"]
[PlyCount "53"]
[EventDate "2009.10.04"]
[EventType "tourn"]
[EventRounds "9"]
[EventCountry "ARG"]
[EventCategory "9"]
[Source "lmi"]
[SourceDate "2009.10.04"]

1. e4 c5 2. Nf3 d6 3. d4 Nf6 4. Nc3 cxd4 5. Nxd4 a6 6. Bg5 e6 7. f4 Bd7 8. Qf3
Nc6 9. O-O-O Qc7 10. Nxc6 bxc6 11. Bc4 Be7 12. Rhe1 O-O 13. e5 dxe5 14. fxe5
Nd5 15. Bxe7 Nxe7 16. Bd3 Ng6 17. Bxg6 fxg6 18. Qd3 Rf7 19. Qd6 Qxd6 20. Rxd6
Raf8 21. Ne4 Rf1 22. Rxf1 Rxf1+ 23. Kd2 Rf7 24. b4 Kf8 25. Ke3 Be8 26. Rd8 Ke7
27. Rxe8+ 1-0

[Event "Magistral Internacional Marcel Duchamp "]
[Site "Buenos Aires ARG"]
[Date "2009.10.11"]
[Round "7.5"]
[White "Hernandez Guerrero, Gilberto"]
[Black "Slipak, Sergio"]
[Result "1-0"]
[WhiteElo "2540"]
[BlackElo "2468"]
[PlyCount "69"]
[EventDate "2009.10.04"]
[EventType "tourn"]
[EventRounds "9"]
[EventCountry "ARG"]
[EventCategory "9"]
[Source "lmi"]
[SourceDate "2009.10.04"]

1. d4 Nf6 2. Bg5 d6 3. Bxf6 exf6 4. e3 g6 5. c4 Bg7 6. Nc3 O-O 7. g3 c5 8. Bg2
Qb6 9. Nd5 Qa5+ 10. b4 Qd8 11. Ne2 Nc6 12. b5 Ne7 13. O-O Bg4 14. Ndf4 Qc7 15.
h3 Bxe2 16. Qxe2 f5 17. Rad1 Rfe8 18. dxc5 dxc5 19. Rd3 g5 20. Nh5 Ng6 21. Rfd1
Ne5 22. Rd5 Re7 23. Qc2 Qc8 24. f4 Ng6 25. Rxf5 gxf4 26. Nxg7 Kxg7 27. exf4 Qe8
28. Rxc5 Re1+ 29. Kh2 Rxd1 30. Qxd1 Qe3 31. Rc7 Re8 32. Qd5 Re6 33. Rxb7 Rf6
34. Rd7 Qf2 35. Qd4 1-0

[Event "Magistral Internacional Marcel Duchamp "]
[Site "Buenos Aires ARG"]
[Date "2009.10.12"]
[Round "8.1"]
[White "Mareco, Sandro"]
[Black "Slipak, Sergio"]
[Result "0-1"]
[WhiteElo "2525"]
[BlackElo "2468"]
[PlyCount "80"]
[EventDate "2009.10.04"]
[EventType "tourn"]
[EventRounds "9"]
[EventCountry "ARG"]
[EventCategory "9"]
[Source "lmi"]
[SourceDate "2009.10.04"]

1. Nf3 Nf6 2. g3 b6 3. Bg2 Bb7 4. O-O e6 5. c4 Be7 6. d4 O-O 7. Nc3 Na6 8. Bf4
d6 9. d5 e5 10. Bc1 c5 11. Ne1 Nc7 12. f4 Nd7 13. Nf3 exf4 14. gxf4 f5 15. Qd3
Nf6 16. Ng5 Bc8 17. Nb5 Nxb5 18. cxb5 Qe8 19. b4 h6 20. Ne6 Bxe6 21. dxe6 d5
22. Bb2 Rd8 23. Kh1 Ne4 24. Bxe4 fxe4 25. Qg3 d4 26. Rg1 Bf6 27. f5 c4 28. Rad1
c3 29. Bc1 Kh8 30. Qh3 e3 31. Rg6 Kh7 32. Rdg1 Qe7 33. Qf3 Rb8 34. R1g2 Qb7 35.
Qg4 Rg8 36. a4 Rbf8 37. a5 Qd5 38. Qh5 Be7 39. Qg4 Qe5 40. f6 Bxf6 0-1

[Event "Magistral Internacional Marcel Duchamp "]
[Site "Buenos Aires ARG"]
[Date "2009.10.12"]
[Round "8.2"]
[White "Goldwaser, Christian"]
[Black "Hernandez Guerrero, Gilberto"]
[Result "1/2-1/2"]
[WhiteElo "2441"]
[BlackElo "2540"]
[PlyCount "28"]
[EventDate "2009.10.04"]
[EventType "tourn"]
[EventRounds "9"]
[EventCountry "ARG"]
[EventCategory "9"]
[Source "lmi"]
[SourceDate "2009.10.04"]

1. Nf3 d6 2. d4 Bg4 3. c4 Bxf3 4. exf3 g6 5. Nc3 Bg7 6. g3 c6 7. Bg2 Qb6 8. d5
Nf6 9. O-O O-O 10. Re1 Re8 11. f4 Nbd7 12. Rb1 Rac8 13. dxc6 bxc6 14. b4 Qa6
1/2-1/2

[Event "Magistral Internacional Marcel Duchamp "]
[Site "Buenos Aires ARG"]
[Date "2009.10.12"]
[Round "8.3"]
[White "Perez Ponsa, Federico"]
[Black "Obregon, Carlos"]
[Result "1-0"]
[WhiteElo "2422"]
[BlackElo "2439"]
[PlyCount "83"]
[EventDate "2009.10.04"]
[EventType "tourn"]
[EventRounds "9"]
[EventCountry "ARG"]
[EventCategory "9"]
[Source "lmi"]
[SourceDate "2009.10.04"]

1. e4 Nf6 2. e5 Nd5 3. d4 d6 4. c4 Nb6 5. f4 Bf5 6. Nc3 e6 7. Nf3 Na6 8. Be3 c5
9. dxc5 dxc5 10. a3 Be7 11. Qb3 O-O 12. Rd1 Qc7 13. Be2 Rad8 14. O-O Nc8 15.
Nb5 Qc6 16. Nd2 Nb8 17. Nc3 Bd3 18. Ndb1 Bxe2 19. Nxe2 f6 20. exf6 Bxf6 21.
Nbc3 Nd6 22. Ng3 Qb6 23. Qa2 Bxc3 24. bxc3 Nd7 25. Qe2 Qc6 26. f5 Nxf5 27. Nxf5
exf5 28. Qd3 Rf7 29. Rxf5 Rdf8 30. Rh5 Nf6 31. Rxc5 Qa4 32. Rg5 Qxa3 33. h3 Qa4
34. Rf1 Qc6 35. Bd4 b6 36. Qg3 Qd7 37. Rgf5 Ne8 38. Rxf7 Rxf7 39. Re1 Nc7 40.
c5 bxc5 41. Bxc5 a6 42. Qxc7 1-0

[Event "Magistral Internacional Marcel Duchamp "]
[Site "Buenos Aires ARG"]
[Date "2009.10.12"]
[Round "8.4"]
[White "Garcia Palermo, Carlos"]
[Black "Liascovich, Lucas"]
[Result "0-1"]
[WhiteElo "2475"]
[BlackElo "2454"]
[PlyCount "62"]
[EventDate "2009.10.04"]
[EventType "tourn"]
[EventRounds "9"]
[EventCountry "ARG"]
[EventCategory "9"]
[Source "lmi"]
[SourceDate "2009.10.04"]

1. c4 e5 2. g3 Nf6 3. Bg2 d5 4. cxd5 Nxd5 5. Nf3 Nc6 6. O-O Be7 7. d4 e4 8. Ne5
f5 9. Nxc6 bxc6 10. Nc3 O-O 11. f3 exf3 12. exf3 Bf6 13. Re1 Rb8 14. f4 Rb4 15.
Ne2 Re8 16. a3 Rb6 17. Kh1 Ba6 18. Ng1 Rxe1 19. Qxe1 Bd3 20. Nf3 Be4 21. b4 c5
22. bxc5 Rb3 23. Ne5 Nc3 24. Nf3 Qd5 25. Qf1 Nb1 26. Ne5 Qxd4 27. Ra2 Bxe5 28.
fxe5 Rd3 29. Re2 Nc3 30. Re1 Rd1 31. Bb2 Bxg2+ 0-1

[Event "Magistral Internacional Marcel Duchamp "]
[Site "Buenos Aires ARG"]
[Date "2009.10.12"]
[Round "8.5"]
[White "Cori Tello, Jorge"]
[Black "Cori Tello, Deysi"]
[Result "1-0"]
[WhiteElo "2445"]
[BlackElo "2361"]
[PlyCount "103"]
[EventDate "2009.10.04"]
[EventType "tourn"]
[EventRounds "9"]
[EventCountry "ARG"]
[EventCategory "9"]
[Source "lmi"]
[SourceDate "2009.10.04"]

1. e4 c5 2. Nf3 Nc6 3. d4 cxd4 4. Nxd4 Nf6 5. Nc3 d6 6. Be2 e5 7. Nb3 Be7 8.
O-O Be6 9. Be3 O-O 10. Bf3 a6 11. a4 Rc8 12. Qd2 Qc7 13. Rfc1 Nb4 14. a5 Qc6
15. Bg5 h6 16. Bxf6 Bxf6 17. Nd5 Bxd5 18. exd5 Qc4 19. Be2 Qe4 20. Bf3 Qc4 21.
Be2 Qe4 22. f3 Qf4 23. Qxf4 exf4 24. c3 Nxd5 25. Rd1 Rfe8 26. Bf1 Re5 27. Rd3
Rce8 28. Nd2 Ne3 29. Ne4 Be7 30. Nxd6 Bxd6 31. Rxd6 Nxf1 32. Kxf1 Re2 33. Rd8
g5 34. Rad1 Re1+ 35. Rxe1 Rxd8 36. Re7 Rd1+ 37. Ke2 Rg1 38. Kf2 Ra1 39. Rxb7
Rxa5 40. h4 Kg7 41. Rb6 gxh4 42. Kg1 f6 43. Rb4 Kg6 44. Rxf4 h5 45. Rxh4 Ra2
46. Rb4 Kg5 47. Kh2 f5 48. Kg3 h4+ 49. Kh3 a5 50. f4+ Kg6 51. Rb6+ Kh5 52. Rb5
1-0

[Event "Magistral Internacional Marcel Duchamp "]
[Site "Buenos Aires ARG"]
[Date "2009.10.13"]
[Round "9.1"]
[White "Cori Tello, Deysi"]
[Black "Mareco, Sandro"]
[Result "0-1"]
[WhiteElo "2361"]
[BlackElo "2525"]
[PlyCount "52"]
[EventDate "2009.10.04"]
[EventType "tourn"]
[EventRounds "9"]
[EventCountry "ARG"]
[EventCategory "9"]
[Source "lmi"]
[SourceDate "2009.10.04"]

1. d4 Nf6 2. c4 e6 3. Nf3 d5 4. g3 Bb4+ 5. Bd2 Be7 6. Bg2 O-O 7. O-O c6 8. Qc2
b6 9. cxd5 cxd5 10. Rc1 Bb7 11. Ne5 Nfd7 12. Qc7 Ba6 13. e4 Nxe5 14. dxe5 d4
15. a4 Bd3 16. Qxd8 Rxd8 17. Na3 Nd7 18. Rc7 Kf8 19. Nb5 Nxe5 20. Rxe7 Kxe7 21.
Bb4+ Kd7 22. Nxd4 Rac8 23. f4 Nc6 24. Nxc6 Rxc6 25. Rd1 Ke8 26. e5 Be4 0-1

[Event "Magistral Internacional Marcel Duchamp "]
[Site "Buenos Aires ARG"]
[Date "2009.10.13"]
[Round "9.2"]
[White "Liascovich, Lucas"]
[Black "Cori Tello, Jorge"]
[Result "1/2-1/2"]
[WhiteElo "2454"]
[BlackElo "2445"]
[PlyCount "83"]
[EventDate "2009.10.04"]
[EventType "tourn"]
[EventRounds "9"]
[EventCountry "ARG"]
[EventCategory "9"]
[Source "lmi"]
[SourceDate "2009.10.04"]

1. d4 Nf6 2. Nf3 d5 3. c4 e6 4. e3 c6 5. Nbd2 Nbd7 6. Bd3 Be7 7. O-O O-O 8. b3
b6 9. Bb2 Bb7 10. e4 dxe4 11. Nxe4 c5 12. Qe2 Qc7 13. Rad1 Rad8 14. Neg5 Qb8
15. Ne5 h6 16. Nxe6 fxe6 17. Ng6 Rf7 18. Qxe6 Bd6 19. Nh8 Kxh8 20. Qxf7 Bxh2+
21. Kh1 Qf4 22. d5 Qh4 23. Bxf6 Nxf6 24. Bf5 Bd6+ 25. Bh3 Bc8 26. Rd3 Rf8 27.
Qg6 Ne4 28. Re3 Bxh3 29. Rxh3 Ng3+ 30. Kg1 Ne2+ 31. Kh1 Ng3+ 32. Kg1 Ne2+ 33.
Kh1 Rxf2 34. Rxf2 Qxf2 35. Rxh6+ gxh6 36. Qxh6+ Kg8 37. Qg6+ Kh8 38. Qh6+ Kg8
39. Qg6+ Kf8 40. Qxd6+ Kg7 41. Qe5+ Kg6 42. Qe8+ 1/2-1/2

[Event "Magistral Internacional Marcel Duchamp "]
[Site "Buenos Aires ARG"]
[Date "2009.10.13"]
[Round "9.3"]
[White "Obregon, Carlos"]
[Black "Garcia Palermo, Carlos"]
[Result "1/2-1/2"]
[WhiteElo "2439"]
[BlackElo "2475"]
[PlyCount "33"]
[EventDate "2009.10.04"]
[EventType "tourn"]
[EventRounds "9"]
[EventCountry "ARG"]
[EventCategory "9"]
[Source "lmi"]
[SourceDate "2009.10.04"]

1. e4 e6 2. d4 d5 3. Nd2 dxe4 4. Nxe4 Nd7 5. Nf3 Ngf6 6. Bd3 Nxe4 7. Bxe4 Nf6
8. Bd3 c5 9. O-O cxd4 10. Nxd4 Bc5 11. Nf3 O-O 12. Qe2 b6 13. Bg5 Qc7 14. Ne5
Bb7 15. Bxf6 gxf6 16. Qh5 f5 17. Qg5+ 1/2-1/2

[Event "Magistral Internacional Marcel Duchamp "]
[Site "Buenos Aires ARG"]
[Date "2009.10.13"]
[Round "9.4"]
[White "Hernandez Guerrero, Gilberto"]
[Black "Perez Ponsa, Federico"]
[Result "1/2-1/2"]
[WhiteElo "2540"]
[BlackElo "2422"]
[PlyCount "20"]
[EventDate "2009.10.04"]
[EventType "tourn"]
[EventRounds "9"]
[EventCountry "ARG"]
[EventCategory "9"]
[Source "lmi"]
[SourceDate "2009.10.04"]

1. Nf3 Nf6 2. g3 g6 3. Bg2 Bg7 4. O-O O-O 5. d4 c6 6. c4 d5 7. cxd5 cxd5 8. Ne5
Ng4 9. Nxg4 Bxg4 10. Nc3 Nc6 1/2-1/2

[Event "Magistral Internacional Marcel Duchamp "]
[Site "Buenos Aires ARG"]
[Date "2009.10.13"]
[Round "9.5"]
[White "Slipak, Sergio"]
[Black "Goldwaser, Christian"]
[Result "1/2-1/2"]
[WhiteElo "2468"]
[BlackElo "2441"]
[PlyCount "105"]
[EventDate "2009.10.04"]
[EventType "tourn"]
[EventRounds "9"]
[EventCountry "ARG"]
[EventCategory "9"]
[Source "lmi"]
[SourceDate "2009.10.04"]

1. d4 d5 2. Nf3 Nf6 3. c4 c6 4. Qb3 dxc4 5. Qxc4 Bf5 6. g3 e6 7. Bg2 Nbd7 8.
O-O Be7 9. Bd2 O-O 10. Rd1 Rc8 11. b4 h6 12. Be1 e5 13. Qb3 e4 14. Nfd2 Nb6 15.
Nc3 Qxd4 16. Ndxe4 Qe5 17. f4 Qc7 18. Nc5 Nbd5 19. Nxd5 cxd5 20. Rac1 Bxc5+ 21.
bxc5 Rfe8 22. Bf3 Be4 23. Bf2 Bxf3 24. Qxf3 Qc6 25. Bd4 Ne4 26. Qa3 h5 27. Qf3
Qg6 28. Kg2 Rc6 29. f5 Qg5 30. h4 Qg4 31. Qxg4 hxg4 32. Rf1 Nd2 33. Rfe1 Ra6
34. Rc2 Ne4 35. Rb1 Re7 36. Rb4 Ra3 37. Rb3 Ra4 38. Bg1 Rc4 39. Rcb2 Rc3 40.
Bd4 Rc4 41. Bg1 d4 42. Rxb7 Rxb7 43. Rxb7 d3 44. exd3 Rc2+ 45. Kf1 Nxg3+ 46.
Ke1 Rc1+ 47. Kd2 Rxg1 48. c6 Rg2+ 49. Kd1 Nxf5 50. c7 Ne3+ 51. Ke1 Nc2+ 52. Kd1
Ne3+ 53. Ke1 1/2-1/2